000 00193nam a2200085 4500
001 1237321
005 20251003094044.0
245 _aKARDEŞLİĞE DAVET HZ. MUHAMMED
_cAGD
260 _bAGD YAYINLARI
999 _c1237321
_d1237321